Statistieken voor Top 15 landen met Covid-19 sterfgevallen - 22 september 2021

Klik hier om de quiz te nemen!

Algemene statistieken

  • Deze quiz is 3 keer genomen
  • De gemiddelde score is 16 van 25

Antwoordstatistieken

land% Correct
Argentinië
100%
België
100%
Brazilië
100%
Colombia
100%
Duitsland
100%
Frankrijk
100%
India
100%
Indonesië
100%
Italië
100%
Rusland
100%
Verenigde Staten
100%
Verenigd Koninkrijk
100%
Mexico
67%
Peru
67%
Tsjechië
67%
Bosnië en Herzegovina
33%
Bulgarije
33%
Hongarije
33%
Iran
33%
Paraguay
33%
Slovenië
33%
Slowakije
33%
Georgië
0%
Noord-Macedonië
0%
Zuid-Afrika
0%

Scoreverdeling

Percentiel versus Aantal Correcte Antwoorden

Procent van Mensen met Elke Score

Uw Scoregeschiedenis

U heeft deze quiz nog niet genomen